Normal view
MARC view
Entry Corporate Name
001 - CONTROL NUMBER
- control field: 8741
003 - CONTROL NUMBER IDENTIFIER
- control field: OSt
005 - DATE AND TIME OF LATEST TRANSACTION
- control field: 20211028145720.0
008 - FIXED-LENGTH DATA ELEMENTS
- fixed length control field: 211028|| aca||aabn | a|a d
040 ## - CATALOGING SOURCE
- Original cataloging agency: OSt
- Transcribing agency: OSt
110 ## - HEADING--CORPORATE NAME
- Corporate name or jurisdiction name as entry element: Thomas C G
670 ## - SOURCE DATA FOUND
- Source citation: Work cat.: (OSt): Lasrado, Vineet Stewart; Thomas, C G. 151936 8740, News- aggregator and analyzer., 2017